书目信息 |
| 题名: |
每日温柔叮咛
|
|
| 作者: | 钱德勒 著 ;云晓丽 译 | |
| 分册: | ||
| 出版信息: | 海口 海南出版社 2005.01 |
|
| 页数: | 396页 | |
| 开本: | 21cm | |
| 丛书名: | ||
| 单 册: | ||
| 中图分类: | B844.2 | |
| 科图分类: | ||
| 主题词: | 青少年心理--qing shao nian xin li--青少年读物 | |
| 电子资源: | ||
| ISBN: | 7-80700-097-X | |
| 000 | 00923nam0 2200253 450 | |
| 001 | 012008535342 | |
| 005 | 20080317152715.53 | |
| 010 | @a7-80700-097-X@dCNY19.00 | |
| 100 | @a20080317d2005 km y0chiy0120 ea | |
| 101 | 1 | @achi@ceng |
| 102 | @aCN@b430000 | |
| 105 | @aac z 000yy | |
| 106 | @ar | |
| 200 | 1 | @a每日温柔叮咛@Amei ri wen rou ding ning@f(美) 米奇·钱德勒著@F(mei)mi qi·qian de le zhu@g云晓丽译@Gyun xiao li yi |
| 210 | @a海口@c海南出版社@d2005.01 | |
| 215 | @a396页@c图, 肖像@d21cm | |
| 300 | @a献艺给缺乏自立者的 | |
| 330 | @a本书主要介绍了:决必往往是短暂的,在我们紧闭嘴唇咬紧牙关感受到疲倦时,我们的信誓旦旦也将结束。忽略了我们发誓要做的事情…… | |
| 606 | 0 | @a青少年心理@Aqing shao nian xin li@j青少年读物 |
| 690 | @aB844.2@v4 | |
| 701 | 1 | @a钱德勒@Aqian de le@g(Chandler, Mitzi)@4著 |
| 702 | 0 | @a云晓丽@Ayun xiao li@4译 |
| 801 | 0 | @aCN@bQSSK@c20080317 |
| 905 | @b20286764-66@dB844.2@eQ193@f3 | |
| 每日温柔叮咛/(美) 米奇·钱德勒著/云晓丽译.-海口:海南出版社,2005.01 |
| 396页:图, 肖像;21cm |
| 献艺给缺乏自立者的 |
| ISBN 7-80700-097-X:CNY19.00 |
| 本书主要介绍了:决必往往是短暂的,在我们紧闭嘴唇咬紧牙关感受到疲倦时,我们的信誓旦旦也将结束。忽略了我们发誓要做的事情…… |
| ● |
| 相关链接 |
|
|
|
正题名:每日温柔叮咛
索取号:B844.2/Q193
 
预约/预借
| 序号 | 登录号 | 条形码 | 馆藏地/架位号 | 状态 | 备注 |
| 1 | 286764 | 202867647 | 社科库509/509社科库 38排3列5层/ [索取号:B844.2/Q193] | 在馆 | |
| 2 | 286765 | 202867656 | 社科库509/509社科库 38排3列5层/ [索取号:B844.2/Q193] | 在馆 | |
| 3 | 286766 | 202867665 | 社科库509/509社科库 38排3列5层/ [索取号:B844.2/Q193] | 在馆 |